Contabilidad : primer curso /

Guardado en:
Autor Principal: Cholvis, Francisco
Formato: Libro
Publicado: Buenos Aires : Codex, 1971
Edición:13a. ed.
Etiquetas: Agregar Etiqueta
Sin Etiquetas, Sea el primero en etiquetar este registro!
LEADER 00446nam a22001575a 4500
001 CEM.cems001663
005 20060214000000.0
008 130507s1971##################000#0#####d
003 CEMS
082 0 4 |a 657 
100 1 |a Cholvis, Francisco 
245 1 0 |a Contabilidad :  |b primer curso /  |c Francisco Cholvis 
250 |a 13a. ed. 
260 |a Buenos Aires :  |b Codex,  |c 1971 
300 |a 2501 p. 
859 |a CEMS  |b BIB. CEMS - 11 de abril  |h 657  |i Ch453-1a1/I  |p 1895.74  |t Ej.1